Population growth and family welfare programme in India : (Record no. 135782)

MARC details
000 -LEADER
fixed length control field 00895nam a22002417a 4500
005 - DATE AND TIME OF LATEST TRANSACTION
control field 20170124110249.0
010 ## - LIBRARY OF CONGRESS CONTROL NUMBER
LC control number A-820974
020 ## - INTERNATIONAL STANDARD BOOK NUMBER
Terms of availability 300.00
International Standard Book Number 8170247829
035 ## - SYSTEM CONTROL NUMBER
System control number A-820974
037 ## - SOURCE OF ACQUISITION
Source of stock number/acquisition Cen Lib/Ret
040 ## - CATALOGING SOURCE
Original cataloging agency DPL
Language of cataloging EN
082 ## - DEWEY DECIMAL CLASSIFICATION NUMBER
Classification number 363.9
Item number KOS
100 ## - MAIN ENTRY--PERSONAL NAME
Personal name Koshal, Rajeev
9 (RLIN) 98443
245 ## - TITLE STATEMENT
Title Population growth and family welfare programme in India :
Remainder of title a case study /
Statement of responsibility, etc by Rajeev Koshal; edited by R P Tiwari
260 ## - PUBLICATION, DISTRIBUTION, ETC. (IMPRINT)
Place of publication, distribution, etc New Delhi
Name of publisher, distributor, etc A.P.H. Publishing
Date of publication, distribution, etc 1996
270 ## - ADDRESS
Address 5, Ansari Raod, Darya Ganj
City New Delhi
Postal code 110002
300 ## - PHYSICAL DESCRIPTION
Extent xxv,187p.
Dimensions 21cm(Hb)
Accompanying material maps
500 ## - GENERAL NOTE
General note Includes bibliographical references and index
650 ## - SUBJECT ADDED ENTRY--TOPICAL TERM
Topical term or geographic name as entry element Seoni (India : District) -- Population -- Case study.
9 (RLIN) 98444
650 ## - SUBJECT ADDED ENTRY--TOPICAL TERM
Topical term or geographic name as entry element Birth control -- India -- Seoni (District) -- Case study.
9 (RLIN) 98445
700 ## - ADDED ENTRY--PERSONAL NAME
Personal name Tiwari, R P
9 (RLIN) 70642
942 ## - ADDED ENTRY ELEMENTS (KOHA)
Source of classification or shelving scheme Dewey Decimal Classification
Koha item type English Books
Classification part 363.9
Call number suffix KOS
Holdings
Withdrawn status Lost status Damaged status Not for loan Home library Current library Date acquired Source of acquisition Cost, normal purchase price Total Checkouts Full call number Barcode Date last seen Copy number Cost, replacement price Price effective from Koha item type
        Central Library Central Library 08/10/2015 Cen Lib/Ret 300.00   363.9 KOS A-820974 08/10/2015 1 300.00 08/10/2015 English Books

© Delhi Public Library
Hit Counter
free hit counter